=LDR 00000nam 2200000 4500 =001 INLIS000000000026385 =005 20130612124829 =008 ***********************************Ind** =035 ##$$0010-061300000026385 =041 ##$$a Ind =082 ##$$a 741 =090 ##$$a 741, Ami w =100 ##$$a Amin =245 ##$$a Write through drawing, Amin =260 ##$$a 1995 $b Surabaya =300 ##$$a 119 hlm, ilus, 21 cm =650 ##$$a Gambar =850 ##$$a NBPNMAT